| 000 | 00327 a2200133 4500 | ||
|---|---|---|---|
| 001 | 89248 | ||
| 082 | _a891.4392 ISH/ASH | ||
| 090 |
_c42199 _d42199 |
||
| 100 | _aAshfaq Ahmed | ||
| 245 |
_aAik aor dastak : Dramy [Urdu] _cIshfaq Ahmad |
||
| 260 |
_aLahore _bSange Meel _c2007 |
||
| 300 | _a352 p. | ||
| 740 | _aAik aur dastak; urdu drama | ||
| 942 | _aNUST-CAE | ||
| 999 |
_c324321 _d324321 |
||